| 000 | 00450nam a2200205Ia 4500 | ||
|---|---|---|---|
| 001 | 11917 | ||
| 003 | GE_BSU | ||
| 008 | 181216s||||||||xx |||||||||||||| ||und|| | ||
| 020 | _a100141025786 | ||
| 040 | _cGE_BSU | ||
| 080 | _a821.111-31 | ||
| 100 | _aKrauss,Nicole | ||
| 245 | 4 | _aThe History Of Love. | |
| 260 | _aLondon | ||
| 260 | _bPenguin Books. | ||
| 260 | _c2005. | ||
| 300 | _a385p;18cm. | ||
| 653 | _aThe History Of Love. | ||
| 942 | _cBK | ||
| 999 |
_c45094 _d45094 |
||